| 000 | 00801nam1a2200241 i 4500 | ||
|---|---|---|---|
| 001 | RU\NLR\BIBL_A\011315141 | ||
| 005 | 20241213151454.0 | ||
| 035 | _a(NLR Aleph) 011315141 | ||
| 090 |
_a11043788 _c11043788 |
||
| 100 | _a20170124d1941 c y0rusy50 ca | ||
| 101 | 0 | _ainh | |
| 102 | _aRU | ||
| 105 | _aa z 000 y | ||
| 200 | 0 |
_aДешара книжка _fЗортов Iумар |
|
| 210 |
_aШолж-ГIала _cНохчгIалгIпачхьалкхиздат _d1941 |
||
| 215 | _d22 | ||
| 541 | 1 |
_aКнига для чтения _zrus |
|
| 606 | 1 |
_aИнгушский язык _jКниги для чтения _91149394 _3RU\NLR\AUTH\66458554 |
|
| 686 | 1 | _aШ160.312-94 | |
| 700 | 1 |
_aДзортов _bУ. _gУмар _4070 |
|
| 852 |
_aNLR _bОНЛ _jИнгуш./3-189 |
||
| 942 | _cBOOK | ||